000 01145nam a2200277Ia 4500
005 20240530110934.0
008 140319s2010 xx 000 0 ara d
020 _a9789953823003
040 _aGCL /
_cGCL
082 0 4 _a355.031 /
_bا ن
100 1 _aالسيد مصطفى احمد ابو الخير
245 1 0 _aالنظرية العامة فى الاحلاف والتكتلات العسكرية طبقا لقواعد القانون الدولى العام /
_cالسيد مصطفى احمد ابو الخير
250 _aالاولى
260 _aبيروت :
_bمركز دراسات الوحدة العربية،
_c2010
300 _a400 ص ؛
_c25 سم
490 _aسلسلة اطروحات الدكتوراه
_v( 81 )
650 0 4 _aالقانون الدولى
650 0 4 _aالمعاهدات الدولية
650 0 4 _aالسياسة العسكرية
650 0 4 _aالحرب الباردة
650 0 4 _aالاحلاف العسكرية
650 0 4 _aالتكتلات السياسية
650 0 4 _aحلف شمال الاطلنطى
942 _2ddc
_cBK
999 _c66711
_d66711